[Event "DEM U18w 2024"]
[Site "Willingen GER"]
[Date "2024.05.22"]
[Round "6"]
[White "Frowein, Jamie"]
[Black "Wagner, Margarethe"]
[Result "1/2-1/2"]
[Termination "normal"]
[Board "5"]
[WhiteElo "1719"]
[BlackElo "2009"]
[WhiteClock "00:05:51"]
[BlackClock "00:01:55"]
[PlyCount "147"]
[WhiteFideId "16282949"]
[BlackFideId "16236947"]
[EventCountry "GER"]
[EventRounds "9"]
[EventType "swiss"]
[EventDate "2024.05.18"]

1. c4 {[%clk 01:30:57]} {[%emt 00:00:02]} e6 {[%clk 01:30:54]} {[%emt
00:00:07]} 2. Nf3 {[%clk 01:31:15]} {[%emt 00:00:12]} d5 {[%clk 01:31:05]}
{[%emt 00:00:18]} 3. e3 {[%clk 01:31:38]} {[%emt 00:00:07]} Nf6 {[%clk
01:31:28]} {[%emt 00:00:07]} 4. Nc3 {[%clk 01:31:58]} {[%emt 00:00:10]} Bd6
{[%clk 01:31:23]} {[%emt 00:00:35]} 5. b3 {[%clk 01:30:49]} {[%emt 00:01:40]}
b6 {[%clk 01:31:15]} {[%emt 00:00:38]} 6. cxd5 {[%clk 01:31:11]} {[%emt
00:00:08]} exd5 {[%clk 01:31:36]} {[%emt 00:00:09]} 7. d4 {[%clk 01:31:23]}
{[%emt 00:00:17]} Bb7 {[%clk 01:31:04]} {[%emt 00:01:03]} 8. Bb2 {[%clk
01:31:34]} {[%emt 00:00:18]} a6 {[%clk 01:30:02]} {[%emt 00:01:32]} 9. Bd3
{[%clk 01:31:15]} {[%emt 00:00:49]} Nbd7 {[%clk 01:30:06]} {[%emt 00:00:26]}
10. O-O {[%clk 01:30:49]} {[%emt 00:00:57]} O-O {[%clk 01:28:52]} {[%emt
00:01:43]} 11. Rc1 {[%clk 01:30:34]} {[%emt 00:00:45]} Re8 {[%clk 01:25:34]}
{[%emt 00:03:48]} 12. Ne2 {[%clk 01:23:27]} {[%emt 00:07:37]} Ne4 {[%clk
01:19:20]} {[%emt 00:06:44]} 13. Ng3 {[%clk 01:19:48]} {[%emt 00:04:09]} g6
{[%clk 01:13:54]} {[%emt 00:05:56]} 14. Nd2 {[%clk 01:11:34]} {[%emt 00:08:44]}
Ndf6 {[%clk 01:04:45]} {[%emt 00:09:39]} 15. Bxe4 {[%clk 01:10:11]} {[%emt
00:01:53]} Nxe4 {[%clk 01:04:15]} {[%emt 00:01:00]} 16. Ndxe4 {[%clk 01:10:27]}
{[%emt 00:00:14]} dxe4 {[%clk 01:04:02]} {[%emt 00:00:43]} 17. Qg4 {[%clk
01:00:40]} {[%emt 00:10:18]} Bc8 {[%clk 01:01:19]} {[%emt 00:03:13]} 18. Qe2
{[%clk 00:59:44]} {[%emt 00:01:26]} Qe7 {[%clk 00:53:56]} {[%emt 00:07:52]} 19.
Qc4 {[%clk 00:44:07]} {[%emt 00:16:06]} Bd7 {[%clk 00:47:20]} {[%emt 00:07:06]}
20. Qc3 {[%clk 00:40:44]} {[%emt 00:03:54]} Rac8 {[%clk 00:46:04]} {[%emt
00:01:46]} 21. d5 {[%clk 00:38:04]} {[%emt 00:03:10]} Be5 {[%clk 00:46:25]}
{[%emt 00:00:08]} 22. Qd2 {[%clk 00:37:45]} {[%emt 00:00:50]} Bxb2 {[%clk
00:38:07]} {[%emt 00:08:48]} 23. Qxb2 {[%clk 00:37:55]} {[%emt 00:00:19]} Bb5
{[%clk 00:38:06]} {[%emt 00:00:31]} 24. Rfd1 {[%clk 00:36:49]} {[%emt
00:01:36]} Rcd8 {[%clk 00:27:56]} {[%emt 00:10:40]} 25. Rd4 {[%clk 00:30:10]}
{[%emt 00:07:10]} f5 {[%clk 00:21:57]} {[%emt 00:06:28]} 26. a4 {[%clk
00:25:57]} {[%emt 00:04:44]} Bd3 {[%clk 00:22:18]} {[%emt 00:00:09]} 27. Ne2
{[%clk 00:26:11]} {[%emt 00:00:16]} g5 {[%clk 00:18:26]} {[%emt 00:04:22]} 28.
Rc6 {[%clk 00:23:38]} {[%emt 00:03:03]} a5 {[%clk 00:17:18]} {[%emt 00:01:37]}
29. Nc1 {[%clk 00:14:16]} {[%emt 00:09:52]} Ba6 {[%clk 00:17:41]} {[%emt
00:00:07]} 30. d6 {[%clk 00:13:16]} {[%emt 00:01:31]} Rxd6 {[%clk 00:11:29]}
{[%emt 00:06:42]} 31. Rdxd6 {[%clk 00:13:27]} {[%emt 00:00:19]} cxd6 {[%clk
00:11:53]} {[%emt 00:00:06]} 32. Rxb6 {[%clk 00:13:29]} {[%emt 00:00:28]} Bc8
{[%clk 00:11:44]} {[%emt 00:00:38]} 33. Qd4 {[%clk 00:13:13]} {[%emt 00:00:47]}
Rd8 {[%clk 00:09:27]} {[%emt 00:02:47]} 34. Ne2 {[%clk 00:11:52]} {[%emt
00:01:51]} Be6 {[%clk 00:03:45]} {[%emt 00:06:12]} 35. b4 {[%clk 00:09:49]}
{[%emt 00:02:33]} axb4 {[%clk 00:04:00]} {[%emt 00:00:15]} 36. Qxb4 {[%clk
00:10:00]} {[%emt 00:00:20]} Bf7 {[%clk 00:02:22]} {[%emt 00:02:07]} 37. a5
{[%clk 00:08:55]} {[%emt 00:01:36]} Qe5 {[%clk 00:02:12]} {[%emt 00:00:39]} 38.
Nd4 {[%clk 00:06:59]} {[%emt 00:02:27]} Qc5 {[%clk 00:02:11]} {[%emt 00:00:31]}
39. h3 {[%clk 00:05:12]} {[%emt 00:02:16]} Ra8 {[%clk 00:01:34]} {[%emt
00:01:07]} 40. Rb8+ {[%clk 00:02:28]} {[%emt 00:03:14]} Rxb8 {[%clk 00:01:55]}
{[%emt 00:00:09]} 41. Qxb8+ {[%clk 00:02:52]} {[%emt 00:00:07]} Kg7 {[%clk
00:02:06]} {[%emt 00:00:18]} 42. Qd8 {[%clk 00:02:36]} {[%emt 00:00:46]} f4
{[%clk 00:29:57]} {[%emt 00:02:39]} 43. a6 {[%clk 00:30:14]} {[%emt 00:02:51]}
fxe3 {[%clk 00:28:37]} {[%emt 00:01:50]} 44. fxe3 {[%clk 00:30:36]} {[%emt
00:00:09]} Kg6 {[%clk 00:18:07]} {[%emt 00:10:59]} 45. Qd7 {[%clk 00:26:16]}
{[%emt 00:04:50]} h6 {[%clk 00:08:43]} {[%emt 00:09:53]} 46. Qc6 {[%clk
00:23:07]} {[%emt 00:03:41]} Qa3 {[%clk 00:04:21]} {[%emt 00:04:51]} 47. Qxe4+
{[%clk 00:23:06]} {[%emt 00:00:31]} Kg7 {[%clk 00:04:43]} {[%emt 00:00:09]} 48.
Nf5+ {[%clk 00:19:39]} {[%emt 00:03:57]} Kf6 {[%clk 00:04:54]} {[%emt
00:00:19]} 49. Nxh6 {[%emt 00:03:39]} Be6 {[%clk 00:03:12]} {[%emt 00:02:07]}
50. Qd4+ {[%clk 00:10:58]} {[%emt 00:06:06]} Kg6 {[%clk 00:03:29]} {[%emt
00:00:13]} 51. Qe4+ {[%clk 00:10:56]} {[%emt 00:00:33]} Kf6 {[%clk 00:03:53]}
{[%emt 00:00:05]} 52. a7 {[%clk 00:10:33]} {[%emt 00:00:54]} Qxa7 {[%clk
00:02:59]} {[%emt 00:01:24]} 53. Qd4+ {[%clk 00:10:30]} {[%emt 00:00:33]} Qxd4
{[%clk 00:03:27]} {[%emt 00:00:02]} 54. exd4 {[%clk 00:10:50]} {[%emt
00:00:09]} Kg6 {[%clk 00:03:35]} {[%emt 00:00:22]} 55. Ng4 {[%clk 00:10:58]}
{[%emt 00:00:23]} Kf5 {[%clk 00:03:45]} {[%emt 00:00:20]} 56. Nh2 {[%clk
00:07:56]} {[%emt 00:03:32]} Kf4 {[%clk 00:02:03]} {[%emt 00:02:11]} 57. Kf2
{[%clk 00:07:30]} {[%emt 00:00:57]} Bf5 {[%clk 00:01:49]} {[%emt 00:00:43]} 58.
g3+ {[%clk 00:06:37]} {[%emt 00:01:24]} Ke4 {[%clk 00:02:02]} {[%emt 00:00:17]}
59. g4 {[%clk 00:06:52]} {[%emt 00:00:14]} Bc8 {[%clk 00:01:56]} {[%emt
00:00:37]} 60. Kg3 {[%clk 00:06:47]} {[%emt 00:00:35]} Kxd4 {[%clk 00:01:55]}
{[%emt 00:00:31]} 61. Nf3+ {[%clk 00:07:06]} {[%emt 00:00:10]} Ke3 {[%clk
00:02:18]} {[%emt 00:00:07]} 62. Nxg5 {[%clk 00:07:12]} {[%emt 00:00:24]} d5
{[%clk 00:02:33]} {[%emt 00:00:15]} 63. Nf3 {[%clk 00:07:21]} {[%emt 00:00:21]}
d4 {[%clk 00:02:22]} {[%emt 00:00:41]} 64. Nxd4 {[%clk 00:07:39]} {[%emt
00:00:12]} Kxd4 {[%clk 00:02:46]} {[%emt 00:00:06]} 65. Kf4 {[%clk 00:07:56]}
{[%emt 00:00:13]} Kd5 {[%clk 00:02:59]} {[%emt 00:00:17]} 66. h4 {[%clk
00:06:51]} {[%emt 00:01:35]} Bxg4 {[%clk 00:01:28]} {[%emt 00:02:00]} 67. Kxg4
{[%clk 00:07:13]} {[%emt 00:00:09]} Ke6 {[%clk 00:01:55]} {[%emt 00:00:04]} 68.
Kg5 {[%clk 00:05:51]} {[%emt 00:01:51]} Kf7 69. h5 Kg7 70. h6+ Kh7 71. Kh5 Kh8
72. Kg6 Kg8 73. h7+ Kh8 74. Kh6 1/2-1/2

[Event "DEM U18w 2024"]
[Site "Willingen GER"]
[Date "2024.05.22"]
[Round "6"]
[White "Wimmer, Katharina"]
[Black "Hubert, Charlotte"]
[Result "0-1"]
[Termination "normal"]
[Board "6"]
[WhiteElo "1641"]
[BlackElo "1893"]
[WhiteClock "00:45:12"]
[BlackClock "00:16:50"]
[PlyCount "62"]
[WhiteFideId "16265947"]
[BlackFideId "16265920"]
[EventCountry "GER"]
[EventRounds "9"]
[EventType "swiss"]
[EventDate "2024.05.18"]

1. e4 {[%clk 01:30:57]} {[%emt 00:00:02]} c5 {[%clk 01:30:59]} {[%emt
00:00:02]} 2. Nc3 {[%clk 01:31:25]} {[%emt 00:00:02]} d6 {[%clk 01:31:24]}
{[%emt 00:00:04]} 3. f4 {[%clk 01:31:51]} {[%emt 00:00:04]} g6 {[%clk
01:31:49]} {[%emt 00:00:06]} 4. Nf3 {[%clk 01:32:09]} {[%emt 00:00:11]} Bg7
{[%clk 01:32:14]} {[%emt 00:00:06]} 5. Bb5+ {[%clk 01:32:34]} {[%emt 00:00:06]}
Bd7 {[%clk 01:32:37]} {[%emt 00:00:06]} 6. Bxd7+ {[%clk 01:32:58]} {[%emt
00:00:05]} Qxd7 {[%clk 01:32:03]} {[%emt 00:01:05]} 7. d3 {[%clk 01:33:13]}
{[%emt 00:00:14]} Nc6 {[%clk 01:28:23]} {[%emt 00:04:11]} 8. O-O {[%clk
01:33:23]} {[%emt 00:00:20]} Nf6 {[%clk 01:27:34]} {[%emt 00:01:19]} 9. Qe1
{[%clk 01:32:06]} {[%emt 00:01:46]} O-O {[%clk 01:20:33]} {[%emt 00:07:31]} 10.
Bd2 {[%clk 01:29:45]} {[%emt 00:02:51]} Nd4 {[%clk 01:17:21]} {[%emt 00:03:43]}
11. Rc1 {[%clk 01:27:04]} {[%emt 00:03:09]} Rac8 {[%clk 01:02:32]} {[%emt
00:15:21]} 12. Ne2 {[%clk 01:20:54]} {[%emt 00:06:39]} Nxf3+ {[%clk 00:57:43]}
{[%emt 00:05:19]} 13. Rxf3 {[%clk 01:20:53]} {[%emt 00:00:32]} b5 {[%clk
00:57:03]} {[%emt 00:01:11]} 14. Ng3 {[%clk 01:18:01]} {[%emt 00:03:20]} b4
{[%clk 00:52:56]} {[%emt 00:04:38]} 15. c3 {[%clk 01:13:53]} {[%emt 00:04:37]}
a5 {[%clk 00:50:14]} {[%emt 00:03:14]} 16. b3 {[%clk 01:12:21]} {[%emt
00:02:01]} bxc3 {[%clk 00:47:07]} {[%emt 00:03:38]} 17. Bxc3 {[%clk 01:12:23]}
{[%emt 00:00:26]} a4 {[%clk 00:46:30]} {[%emt 00:01:08]} 18. bxa4 {[%clk
01:08:14]} {[%emt 00:04:40]} Qxa4 {[%clk 00:44:34]} {[%emt 00:02:24]} 19. Qd2
{[%clk 01:07:37]} {[%emt 00:01:06]} Ra8 {[%clk 00:35:05]} {[%emt 00:10:01]} 20.
Ra1 {[%clk 01:06:30]} {[%emt 00:01:36]} d5 {[%clk 00:29:53]} {[%emt 00:05:43]}
21. exd5 {[%clk 01:02:23]} {[%emt 00:04:37]} Nxd5 {[%clk 00:27:38]} {[%emt
00:02:45]} 22. Bxg7 {[%clk 01:01:56]} {[%emt 00:00:57]} Kxg7 {[%clk 00:27:56]}
{[%emt 00:00:13]} 23. Qb2+ {[%clk 00:59:26]} {[%emt 00:02:59]} Qd4+ {[%clk
00:27:25]} {[%emt 00:01:01]} 24. Qxd4+ {[%clk 00:58:39]} {[%emt 00:01:17]} cxd4
{[%clk 00:27:50]} {[%emt 00:00:05]} 25. Rf2 {[%clk 00:48:10]} {[%emt 00:10:55]}
Ra3 {[%clk 00:27:19]} {[%emt 00:01:05]} 26. Rd2 {[%clk 00:47:48]} {[%emt
00:00:51]} Nxf4 {[%clk 00:26:49]} {[%emt 00:01:02]} 27. Ne2 {[%clk 00:46:39]}
{[%emt 00:01:38]} Nxe2+ {[%clk 00:21:51]} {[%emt 00:05:29]} 28. Rxe2 {[%clk
00:47:01]} {[%emt 00:00:08]} e6 {[%clk 00:20:57]} {[%emt 00:01:23]} 29. Rd2
{[%clk 00:47:19]} {[%emt 00:00:12]} Rfa8 {[%clk 00:18:45]} {[%emt 00:02:42]}
30. Kf2 {[%clk 00:47:13]} {[%emt 00:00:36]} e5 {[%clk 00:18:19]} {[%emt
00:00:57]} 31. Ke2 {[%clk 00:45:12]} {[%emt 00:02:30]} f5 {[%clk 00:16:50]}
{[%emt 00:01:59]} 0-1

[Event "DEM U18w 2024"]
[Site "Willingen GER"]
[Date "2024.05.22"]
[Round "6"]
[White "von Beckh, Frieda"]
[Black "Fischer, Darja"]
[Result "0-1"]
[Termination "normal"]
[Board "7"]
[WhiteElo "1764"]
[BlackElo "1843"]
[WhiteClock "00:30:05"]
[BlackClock "00:56:51"]
[PlyCount "82"]
[WhiteFideId "16233751"]
[BlackFideId "16240898"]
[EventCountry "GER"]
[EventRounds "9"]
[EventType "swiss"]
[EventDate "2024.05.18"]

1. e4 {[%clk 01:30:57]} {[%emt 00:00:03]} c6 {[%clk 01:30:57]} {[%emt
00:00:03]} 2. d4 {[%clk 01:31:22]} {[%emt 00:00:05]} d5 {[%clk 01:31:22]}
{[%emt 00:00:05]} 3. Nc3 {[%clk 01:31:49]} {[%emt 00:00:03]} dxe4 {[%clk
01:31:49]} {[%emt 00:00:03]} 4. Nxe4 {[%clk 01:32:15]} {[%emt 00:00:04]} Bf5
{[%clk 01:32:15]} {[%emt 00:00:04]} 5. Ng3 {[%clk 01:32:41]} {[%emt 00:00:05]}
Bg6 {[%clk 01:32:41]} {[%emt 00:00:02]} 6. h4 {[%clk 01:33:05]} {[%emt
00:00:07]} h6 {[%clk 01:33:07]} {[%emt 00:00:04]} 7. N1e2 {[%clk 01:33:32]}
{[%emt 00:00:03]} Nf6 {[%clk 01:31:48]} {[%emt 00:01:49]} 8. Nf4 {[%clk
01:33:47]} {[%emt 00:00:16]} Bh7 {[%clk 01:32:11]} {[%emt 00:00:07]} 9. Bc4
{[%clk 01:34:01]} {[%emt 00:00:15]} e6 {[%clk 01:31:29]} {[%emt 00:01:12]} 10.
O-O {[%clk 01:32:26]} {[%emt 00:02:04]} Nd5 {[%clk 01:28:33]} {[%emt 00:03:27]}
11. Re1 {[%clk 01:26:33]} {[%emt 00:06:22]} Nxf4 {[%clk 01:17:02]} {[%emt
00:12:03]} 12. Bxf4 {[%clk 01:26:23]} {[%emt 00:00:39]} Qxh4 {[%clk 01:14:20]}
{[%emt 00:03:13]} 13. Qf3 {[%clk 01:03:37]} {[%emt 00:23:14]} Be7 {[%clk
01:05:03]} {[%emt 00:09:47]} 14. Nh5 {[%clk 00:50:57]} {[%emt 00:13:10]} O-O
{[%clk 00:59:45]} {[%emt 00:05:48]} 15. g3 {[%clk 00:35:12]} {[%emt 00:16:16]}
Qh3 {[%clk 00:59:17]} {[%emt 00:00:58]} 16. Bf1 {[%clk 00:17:38]} {[%emt
00:18:03]} Qf5 {[%clk 00:59:20]} {[%emt 00:00:28]} 17. Bd3 {[%clk 00:12:02]}
{[%emt 00:06:06]} Qd5 {[%clk 00:58:11]} {[%emt 00:01:39]} 18. Qg4 {[%clk
00:11:54]} {[%emt 00:00:38]} g6 {[%clk 00:56:32]} {[%emt 00:02:09]} 19. Bxh6
{[%clk 00:06:11]} {[%emt 00:06:14]} Qxh5 {[%clk 00:54:29]} {[%emt 00:02:32]}
20. Qxh5 {[%clk 00:06:37]} {[%emt 00:00:03]} gxh5 {[%clk 00:54:55]} {[%emt
00:00:05]} 21. Bxh7+ {[%clk 00:07:00]} {[%emt 00:00:07]} Kxh7 {[%clk 00:55:18]}
{[%emt 00:00:07]} 22. Bxf8 {[%clk 00:07:27]} {[%emt 00:00:03]} Bxf8 {[%clk
00:55:37]} {[%emt 00:00:11]} 23. Kg2 {[%clk 00:06:49]} {[%emt 00:01:08]} Nd7
{[%clk 00:53:58]} {[%emt 00:02:09]} 24. Rh1 {[%clk 00:06:10]} {[%emt 00:01:09]}
Kg6 {[%clk 00:54:00]} {[%emt 00:00:28]} 25. Rae1 {[%clk 00:06:06]} {[%emt
00:00:33]} Bg7 {[%clk 00:53:27]} {[%emt 00:01:04]} 26. c3 {[%clk 00:06:10]}
{[%emt 00:00:25]} Nf6 {[%clk 00:44:26]} {[%emt 00:09:38]} 27. Re5 {[%clk
00:06:04]} {[%emt 00:00:29]} Rd8 {[%clk 00:44:01]} {[%emt 00:00:55]} 28. Kf3
{[%clk 00:04:18]} {[%emt 00:02:18]} Rd5 {[%clk 00:43:33]} {[%emt 00:00:58]} 29.
Rxd5 {[%clk 00:04:42]} {[%emt 00:00:05]} Nxd5 {[%clk 00:43:54]} {[%emt
00:00:09]} 30. Ke4 {[%clk 00:04:00]} {[%emt 00:01:12]} Nf6+ {[%clk 00:35:33]}
{[%emt 00:08:51]} 31. Ke5 {[%clk 00:02:20]} {[%emt 00:02:10]} Ng4+ {[%clk
00:29:39]} {[%emt 00:06:23]} 32. Kd6 {[%clk 00:02:43]} {[%emt 00:00:08]} Nxf2
{[%clk 00:29:07]} {[%emt 00:01:01]} 33. Rg1 {[%clk 00:03:09]} {[%emt 00:00:05]}
Nd3 {[%clk 00:28:59]} {[%emt 00:00:37]} 34. Rg2 {[%clk 00:03:35]} {[%emt
00:00:05]} e5 {[%clk 00:28:55]} {[%emt 00:00:34]} 35. Rd2 {[%clk 00:02:44]}
{[%emt 00:01:21]} e4 {[%clk 00:28:45]} {[%emt 00:00:39]} 36. Kc7 {[%clk
00:01:57]} {[%emt 00:01:18]} c5 {[%clk 00:28:03]} {[%emt 00:01:12]} 37. dxc5
{[%emt 00:01:17]} Nxc5 {[%clk 00:28:25]} {[%emt 00:00:07]} 38. Rd6+ {[%clk
00:01:27]} {[%emt 00:00:13]} Kf5 {[%clk 00:27:55]} {[%emt 00:01:01]} 39. Rd5+
{[%clk 00:00:44]} {[%emt 00:01:13]} Be5+ {[%clk 00:28:19]} {[%emt 00:00:06]}
40. Kc8 {[%emt 00:00:13]} e3 {[%clk 00:28:18]} {[%emt 00:00:29]} 41. Rd1 {[%clk
00:30:05]} {[%emt 00:01:26]} Bxg3 {[%clk 00:56:51]} {[%emt 00:01:59]} 0-1

[Event "DEM U18w 2024"]
[Site "Willingen GER"]
[Date "2024.05.22"]
[Round "6"]
[White "Nguyen, Jenny Ha-Linh"]
[Black "Schmidt, Luise"]
[Result "1-0"]
[Termination "normal"]
[Board "8"]
[WhiteElo "1787"]
[BlackElo "1666"]
[WhiteClock "00:39:28"]
[BlackClock "00:21:29"]
[PlyCount "61"]
[WhiteFideId "16209729"]
[BlackFideId "16294475"]
[EventCountry "GER"]
[EventRounds "9"]
[EventType "swiss"]
[EventDate "2024.05.18"]

1. e4 {[%clk 01:30:30]} {[%emt 01:17:56]} e5 {[%clk 01:30:55]} {[%emt
00:00:25]} 2. Nf3 {[%clk 01:31:20]} {[%emt 00:00:08]} Nc6 {[%clk 01:31:20]}
{[%emt 00:00:05]} 3. Bb5 {[%clk 01:31:45]} {[%emt 00:00:05]} Nf6 {[%clk
01:31:43]} {[%emt 00:00:07]} 4. O-O {[%clk 01:32:01]} {[%emt 00:00:14]} Nxe4
{[%clk 01:32:02]} {[%emt 00:00:11]} 5. Re1 {[%clk 01:32:20]} {[%emt 00:00:11]}
Nd6 {[%clk 01:32:20]} {[%emt 00:00:12]} 6. Nxe5 {[%clk 01:32:34]} {[%emt
00:00:16]} Nxe5 {[%clk 01:32:35]} {[%emt 00:00:15]} 7. Rxe5+ {[%clk 01:32:55]}
{[%emt 00:00:09]} Be7 {[%clk 01:32:52]} {[%emt 00:00:13]} 8. Bf1 {[%clk
01:32:47]} {[%emt 00:00:38]} O-O {[%clk 01:33:07]} {[%emt 00:00:14]} 9. d4
{[%clk 01:32:46]} {[%emt 00:00:31]} Bf6 {[%clk 01:33:07]} {[%emt 00:00:31]} 10.
Re1 {[%clk 01:32:43]} {[%emt 00:00:33]} Nf5 {[%clk 01:33:13]} {[%emt 00:00:24]}
11. c3 {[%clk 01:32:49]} {[%emt 00:00:24]} d5 {[%clk 01:33:17]} {[%emt
00:00:26]} 12. Bd3 {[%clk 01:31:10]} {[%emt 00:02:08]} Re8 {[%clk 01:28:08]}
{[%emt 00:05:40]} 13. Nd2 {[%clk 01:29:19]} {[%emt 00:02:21]} Bd7 {[%clk
01:22:47]} {[%emt 00:05:50]} 14. Nf3 {[%clk 01:28:11]} {[%emt 00:01:39]} Nh4
{[%clk 01:14:44]} {[%emt 00:08:32]} 15. Ne5 {[%clk 01:14:47]} {[%emt 00:13:55]}
Bf5 {[%clk 01:06:40]} {[%emt 00:08:33]} 16. Bf4 {[%clk 01:04:52]} {[%emt
00:10:26]} Bxd3 {[%clk 00:58:08]} {[%emt 00:09:02]} 17. Qxd3 {[%clk 01:04:46]}
{[%emt 00:00:35]} Bg5 {[%clk 00:56:50]} {[%emt 00:01:50]} 18. Qg3 {[%clk
00:59:04]} {[%emt 00:06:11]} Bf6 {[%clk 00:52:14]} {[%emt 00:05:05]} 19. Ng4
{[%clk 00:54:22]} {[%emt 00:05:12]} Rxe1+ {[%clk 00:39:33]} {[%emt 00:13:12]}
20. Rxe1 {[%clk 00:53:59]} {[%emt 00:00:53]} Nf5 {[%clk 00:34:56]} {[%emt
00:05:07]} 21. Bxc7 {[%clk 00:50:00]} {[%emt 00:04:29]} Nxg3 {[%clk 00:34:49]}
{[%emt 00:00:37]} 22. Bxd8 {[%clk 00:50:23]} {[%emt 00:00:07]} Rxd8 {[%clk
00:35:06]} {[%emt 00:00:13]} 23. Nxf6+ {[%clk 00:50:18]} {[%emt 00:00:36]} gxf6
{[%clk 00:35:31]} {[%emt 00:00:04]} 24. hxg3 {[%clk 00:50:42]} {[%emt
00:00:06]} Rd7 {[%clk 00:32:52]} {[%emt 00:03:09]} 25. Kf1 {[%clk 00:44:38]}
{[%emt 00:06:33]} Kg7 {[%clk 00:31:58]} {[%emt 00:01:25]} 26. Ke2 {[%clk
00:42:50]} {[%emt 00:02:17]} Kg6 {[%clk 00:28:35]} {[%emt 00:03:53]} 27. Kd3
{[%clk 00:41:10]} {[%emt 00:02:10]} b5 {[%clk 00:27:40]} {[%emt 00:01:26]} 28.
b3 {[%clk 00:40:07]} {[%emt 00:01:33]} Rc7 {[%clk 00:26:22]} {[%emt 00:01:48]}
29. Re8 {[%clk 00:39:26]} {[%emt 00:01:11]} h5 {[%clk 00:24:00]} {[%emt
00:02:51]} 30. Rd8 {[%clk 00:39:40]} {[%emt 00:00:16]} Rb7 {[%clk 00:21:29]}
{[%emt 00:03:01]} 31. Rxd5 {[%clk 00:39:28]} {[%emt 00:00:42]} 1-0

[Event "DEM U18w 2024"]
[Site "Willingen GER"]
[Date "2024.05.22"]
[Round "6"]
[White "Modali, Nikhilamrutha"]
[Black "Kanno, Clara Yumi"]
[Result "1/2-1/2"]
[Termination "normal"]
[Board "9"]
[WhiteElo "1608"]
[BlackElo "1736"]
[WhiteClock "00:11:33"]
[BlackClock "00:31:36"]
[PlyCount "45"]
[WhiteFideId "16282370"]
[BlackFideId "16259661"]
[EventCountry "GER"]
[EventRounds "9"]
[EventType "swiss"]
[EventDate "2024.05.18"]

1. e4 {[%clk 01:30:58]} {[%emt 00:00:02]} e5 {[%clk 01:30:44]} {[%emt
00:00:16]} 2. Nf3 {[%clk 01:31:24]} {[%emt 00:00:04]} Nf6 {[%clk 01:31:09]}
{[%emt 00:00:05]} 3. Nxe5 {[%clk 01:31:32]} {[%emt 00:00:22]} d6 {[%clk
01:31:29]} {[%emt 00:00:10]} 4. Nf3 {[%clk 01:31:59]} {[%emt 00:00:03]} Nxe4
{[%clk 01:31:55]} {[%emt 00:00:05]} 5. c4 {[%clk 01:32:20]} {[%emt 00:00:08]}
Nc6 {[%clk 01:32:00]} {[%emt 00:00:24]} 6. d4 {[%clk 01:21:18]} {[%emt
00:11:33]} Bg4 {[%clk 01:28:23]} {[%emt 00:04:06]} 7. Be3 {[%clk 01:19:49]}
{[%emt 00:01:59]} d5 {[%clk 01:22:33]} {[%emt 00:06:20]} 8. Nc3 {[%clk
01:15:10]} {[%emt 00:05:10]} Bb4 {[%clk 01:18:02]} {[%emt 00:04:59]} 9. Rc1
{[%clk 01:12:10]} {[%emt 00:03:31]} O-O {[%clk 01:16:38]} {[%emt 00:01:54]} 10.
Bd3 {[%clk 01:10:27]} {[%emt 00:02:13]} Re8 {[%clk 01:07:09]} {[%emt 00:10:00]}
11. O-O {[%clk 01:09:14]} {[%emt 00:01:43]} Bxc3 {[%clk 01:01:10]} {[%emt
00:06:29]} 12. bxc3 {[%clk 01:09:13]} {[%emt 00:00:31]} dxc4 {[%clk 01:00:27]}
{[%emt 00:01:13]} 13. Bxc4 {[%clk 01:08:38]} {[%emt 00:01:04]} Na5 {[%clk
00:59:36]} {[%emt 00:01:20]} 14. Be2 {[%clk 00:59:25]} {[%emt 00:09:45]} Nd6
{[%clk 00:57:19]} {[%emt 00:02:47]} 15. Nd2 {[%clk 00:47:46]} {[%emt 00:12:08]}
Bxe2 {[%clk 00:54:50]} {[%emt 00:02:59]} 16. Qxe2 {[%clk 00:48:13]} {[%emt
00:00:04]} b5 {[%clk 00:52:56]} {[%emt 00:02:24]} 17. Nb3 {[%clk 00:39:28]}
{[%emt 00:09:14]} Nac4 {[%clk 00:51:50]} {[%emt 00:01:37]} 18. Qf3 {[%clk
00:36:20]} {[%emt 00:03:36]} Qe7 {[%clk 00:45:20]} {[%emt 00:06:58]} 19. Rfe1
{[%clk 00:28:42]} {[%emt 00:08:12]} Qe4 {[%emt 00:01:54]} 20. Qh3 {[%clk
00:22:54]} {[%emt 00:06:20]} Qd5 {[%clk 00:35:30]} {[%emt 00:08:47]} 21. Bf4
{[%clk 00:17:08]} {[%emt 00:06:23]} c6 {[%clk 00:32:35]} {[%emt 00:03:24]} 22.
Bxd6 {[%clk 00:12:37]} {[%emt 00:05:02]} Qxd6 {[%clk 00:31:36]} {[%emt
00:01:28]} 23. Nc5 {[%clk 00:11:33]} {[%emt 00:01:34]} 1/2-1/2